| 000 | 00645 a2200205 4500 | ||
|---|---|---|---|
| 010 | _aENG-88911 | ||
| 020 |
_c500.00 _a9788189239466 |
||
| 035 | _aEN-72444 | ||
| 037 | _bDBAD / PUB | ||
| 082 | _a910.02 | ||
| 090 |
_c9652 _d9652 |
||
| 100 | 1 | _aSatnam Singh | |
| 245 | 1 |
_aPhysical geography / _cby Satnam Singh |
|
| 260 |
_aNew Delhi _bMurari Lal & Sons _c2007 |
||
| 270 |
_a4378/4B, Ansari Road, Darya Ganj, _bNew Delhi _e110 002 |
||
| 300 |
_av, 248p. : _c22cm (Hb) |
||
| 500 | _aIncludes index | ||
| 942 |
_adpl _cEN _k910.02 / SAT |
||
| 999 |
_c9477 _d9477 |
||